| 000 | 00588nam a2200205Ia 4500 | ||
|---|---|---|---|
| 003 | IIN | ||
| 005 | 20250521120109.0 | ||
| 008 | 231217s2016 xx ad 001 0 eng d | ||
| 020 |
_cRs.175.00 _a9788181914491 |
||
| 040 |
_aIIN _bEnglish |
||
| 082 |
_a362.10425 _bKUL |
||
| 100 | 1 | _aKulkarni, A.T. | |
| 245 | 2 |
_aPracticals in Community Medicine _bClinico-social Case Studios & Spotters/ _cA.T. Kulkarni |
|
| 260 |
_aHyderabad _bParas Medical _c2016 |
||
| 300 | _a148 p. | ||
| 500 | _aIncludes Index | ||
| 650 | 1 | _aCommunity Health Nursing | |
| 650 | 1 |
_aMedicine _vCommunity |
|
| 942 | _cBOOK | ||
| 999 |
_c691 _d691 |
||